Report on the continuance of protection to the sheet glass industry (Record no. 498002)

000 -LEADER
fixed length control field 00368cam a22001097a 4500
008 - FIXED-LENGTH DATA ELEMENTS--GENERAL INFORMATION
fixed length control field 180718b xxu||||| |||| 00| 0 eng d
082 ## - DEWEY DECIMAL CLASSIFICATION NUMBER
Classification number T394x54 A/60
100 ## - MAIN ENTRY--PERSONAL NAME
Personal name India.Tariff Commission
245 ## - TITLE STATEMENT
Title Report on the continuance of protection to the sheet glass industry
Statement of responsibility, etc. by Tariff Commission
260 ## - PUBLICATION, DISTRIBUTION, ETC.
Place of publication, distribution, etc. Delhi
Name of publisher, distributor, etc. Mangager of Publications
Date of publication, distribution, etc.
500 ## - GENERAL NOTE
General note Library has 1960,1962
Holdings
Withdrawn status Lost status Damaged status Not for loan Permanent Location Current Location Date acquired Full call number Barcode Date last seen Price effective from Koha item type
        Indian Institute of Public Administration Indian Institute of Public Administration 2018-08-04 T394x54 A/60 GG32526 2018-08-04 2018-08-04 GG
        Indian Institute of Public Administration Indian Institute of Public Administration 2018-08-04 T394x54 A/60 GG2165 2018-08-04 2018-08-04 GG

Powered by Koha